000 00647nam a2200241Ia 4500
005 20260121112030.0
008 2758 260114s9999 xx 000 0 eng d
020 _a9789811241819
037 _aEBOOK
040 _aCRL
_beng
_cCRL
041 _aeng
_2eng
084 _qCRL
100 _aGuo Yanjun & Yang Yue
_9951139
245 0 _aAsean-China Cooperation for Poverty Reduction
260 _bWorld Scientific
260 _bWSPC
260 _c2021
650 _aAsian Studies
_9951140
856 _uhttps://www.worldscientific.com/worldscibooks/10.1142/11865#t=toc
942 _cEBOOK
999 _c1540058
_d1540058